[Event "ICS Rated standard match"]
[Site "204.178.125.65"]
[Date "2000.06.17"]
[Round "?"]
[White "QueenMaxima"]
[Black "Hossa"]
[Result "1/2-1/2"]
[WhiteElo "2364"]
[BlackElo "2229"]
[PlyCount "208"]
[EventDate "2000.??.??"]

1. e4 e6 2. d4 d5 3. Nc3 dxe4 4. Nxe4 Nd7 5. Nf3 Ngf6 6. Nxf6+ Nxf6 7. Bg5 Be7
8. Bd3 O-O 9. Qe2 Nd5 10. Bxe7 Qxe7 11. O-O-O Rd8 12. Rhe1 c5 13. Qe4 g6 14.
Bc4 Nf6 15. Qh4 cxd4 16. Ne5 Bd7 17. Rxd4 Kg7 18. Bd3 Bc6 19. Nxc6 bxc6 20. h3
Qc5 21. Rc4 Qa5 22. Re3 Qxa2 23. b3 Qa1+ 24. Kd2 Qa5+ 25. Kd1 Nd5 26. Qd4+ Kg8
27. Re4 Nb6 28. Rc5 Qa2 29. Qc3 Nd5 30. Qd2 Qa1+ 31. Ke2 Rd6 32. Rec4 Nb6 33.
Rh4 h5 34. Qh6 Qg7 35. Rhxh5 Qxh6 36. Rxh6 a5 37. Be4 a4 38. bxa4 Kg7 39. Rh4
Rxa4 40. g3 Nd7 41. Rc3 Ra6 42. Ke3 Nf6 43. Rd3 c5 44. Rxd6 Rxd6 45. Bd3 Nd5+
46. Ke2 Nb6 47. Bb5 Rd8 48. Re4 Nd5 49. Rc4 Rb8 50. Bc6 Nb4 51. Be4 Rb5 52. f4
Nd5 53. Bxd5 exd5 54. Ra4 Rb2 55. Kd3 Rb8 56. Ra5 Rc8 57. h4 Kf6 58. g4 Kg7 59.
Rb5 Rc7 60. Ra5 Rc8 61. Kd2 Rc7 62. Ke3 Rc8 63. Kf3 Rc7 64. f5 d4 65. Ke4 Rc8
66. fxg6 fxg6 67. g5 Kf7 68. Kd5 Rd8+ 69. Kxc5 Rc8+ 70. Kd5 Rxc2 71. Ra7+ Kg8
72. Kxd4 Rh2 73. Ke5 Rxh4 74. Kf6 Rf4+ 75. Kxg6 Rf8 76. Rg7+ Kh8 77. Rf7 Rg8+
78. Kf6 Re8 79. g6 Kg8 80. Rd7 Rf8+ 81. Kg5 Re8 82. Kf4 Re6 83. Kf5 Re8 84. Rf7
Re3 85. Rh7 Rf3+ 86. Kg4 Rf2 87. Rc7 Rg2+ 88. Kf5 Rf2+ 89. Ke4 Re2+ 90. Kd5
Rd2+ 91. Ke5 Re2+ 92. Kd4 Rd2+ 93. Ke3 Rg2 94. Rc6 Rg3+ 95. Kd2 Rg2+ 96. Ke1
Rg1+ 97. Ke2 Rg2+ 98. Kd3 Kg7 99. Rd6 Rg3+ 100. Kd4 Rg4+ 101. Kd5 Rg5+ 102. Kd4
Rg4+ 103. Kd5 Rg5+ 104. Kd4 Rg4+ 1/2-1/2

[Event "ICS rated standard match"]
[Site "204.178.125.65"]
[Date "2000.06.17"]
[Round "?"]
[White "Hossa"]
[Black "PostModernist"]
[Result "0-1"]
[WhiteElo "2235"]
[BlackElo "2377"]
[PlyCount "92"]
[EventDate "2000.??.??"]

1. d4 Nf6 2. c4 e6 3. Nc3 Bb4 4. Qc2 c5 5. Nf3 O-O 6. dxc5 Na6 7. Bf4 Nxc5 8.
Bd6 Re8 9. O-O-O b6 10. e3 Bxc3 11. Qxc3 Nce4 12. Qc2 Nxd6 13. Rxd6 Bb7 14. Kb1
Bd5 15. cxd5 Qe7 16. dxe6 Qxd6 17. exf7+ Kxf7 18. Ba6 Kf8 19. Rc1 Qe7 20. Ng5
h6 21. Nh7+ Kg8 22. Nxf6+ Qxf6 23. Bb7 Rad8 24. Qc4+ Kh8 25. Rc2 Qe5 26. h3 d5
27. Qa6 d4 28. e4 d3 29. Rc1 d2 30. Rd1 Re7 31. Bd5 Rxd5 32. f3 Rc7 33. Qf1 Rd8
34. a3 Qc5 35. Ka2 Qe3 36. Qb5 Rc1 37. Rxd2 Rxd2 38. Qe8+ Kh7 39. Qb5 Rdd1 40.
Qf5+ Kg8 41. Qe6+ Kh8 42. Qc8+ Rxc8 43. a4 Rc2 44. h4 Ra1+ 45. Kxa1 Qc1+ 46.
Ka2 Qxb2# {Hossa checkmated} 0-1

[Event "ICS Rated blitz match"]
[Site "204.178.125.65"]
[Date "2000.06.17"]
[Round "?"]
[White "PostModernist"]
[Black "Hossa"]
[Result "1-0"]
[WhiteElo "2648"]
[BlackElo "2405"]
[PlyCount "153"]
[EventDate "2000.??.??"]

1. e4 e6 2. d4 d5 3. Nc3 dxe4 4. Nxe4 Nf6 5. Bg5 Nbd7 6. Qf3 Be7 7. Nc3 O-O 8.
O-O-O Kh8 9. Bd3 Nd5 10. Bxe7 Nxe7 11. Qg3 Nf6 12. Nge2 b6 13. Rhe1 Bb7 14. Nb5
Ned5 15. Nf4 a6 16. Nxd5 Nxd5 17. Na3 Nb4 18. Bc4 Qd6 19. c3 Nd5 20. Qxd6 cxd6
21. Bd3 Nf4 22. g3 Nxd3+ 23. Rxd3 Rac8 24. f4 Bd5 25. b3 b5 26. Nc2 Rc7 27. Kb2
Rfc8 28. Rde3 a5 29. Na3 b4 30. Nb5 bxc3+ 31. Nxc3 Bg2 32. d5 Bh3 33. Rd1 Rd8
34. dxe6 fxe6 35. Nb5 Rcd7 36. Rc3 g5 37. fxg5 Bg4 38. Rd4 Be2 39. Na3 e5 40.
Rd5 a4 41. bxa4 Rb7+ 42. Rb3 Rbd7 43. Rd2 Bh5 44. Nb5 d5 45. Re3 e4 46. a5 Rb8
47. a4 Bf3 48. Ka3 Rg8 49. Nd4 Bg4 50. h4 Rc8 51. Rb2 Rc4 52. Rb4 Rc8 53. Reb3
Rc1 54. Rb8+ Kg7 55. a6 Ra1+ 56. Kb4 Rc7 57. Rb7 Rac1 58. Nb5 Rd7 59. Rc3 Rxc3
60. Kxc3 e3 61. Rxd7+ Bxd7 62. a7 Bc6 63. Nc7 Kf8 64. h5 Ke7 65. g6 hxg6 66. h6
Kf7 67. a8=Q d4+ 68. Kd3 Bxa8 69. Nxa8 g5 70. Nc7 Kg6 71. a5 Kxh6 72. g4 Kg6
73. a6 Kf6 74. a7 Ke5 75. a8=Q Kd6 76. Qd8+ Kc6 77. Ne6 {Hossa resigns} 1-0

[Event "ICS Rated blitz match"]
[Site "204.178.125.65"]
[Date "2000.06.17"]
[Round "?"]
[White "Hossa"]
[Black "PostModernist"]
[Result "1/2-1/2"]
[WhiteElo "2399"]
[BlackElo "2654"]
[PlyCount "290"]
[EventDate "2000.??.??"]

1. d4 Nf6 2. c4 e6 3. Nc3 Bb4 4. e3 c5 5. Bd3 Nc6 6. a3 Bxc3+ 7. bxc3 O-O 8.
Ne2 b6 9. e4 Ne8 10. O-O d6 11. Bf4 Ba6 12. Qa4 Bb7 13. Rad1 e5 14. d5 Na5 15.
Bg3 Nf6 16. f4 Ng4 17. fxe5 Nxe5 18. Bxe5 dxe5 19. Qb5 Qg5 20. Rf2 Rad8 21. Ng3
f6 22. Nf5 Qh5 23. Be2 Qf7 24. Rdf1 Rfe8 25. Ng3 Qf8 26. Bg4 Kh8 27. Bh5 Re7
28. Nf5 Rc7 29. Ne3 Kg8 30. Bg4 Bc8 31. Bxc8 Rcxc8 32. Rf5 Qe7 33. R5f3 Kh8 34.
Nf5 Qf8 35. R3f2 Rc7 36. Qa4 Qf7 37. Ne3 Qg6 38. Rf5 Qh6 39. R5f3 Qh5 40. Qc2
Nb7 41. Nf5 Nd6 42. Nxd6 Rxd6 43. Rf5 Qe8 44. a4 Kg8 45. Qd1 Re7 46. R1f2 Qg6
47. Qh5 Qxh5 48. Rxh5 g6 49. Rh3 h5 50. Rf1 Re8 51. Rhf3 Kf7 52. Kf2 Red8 53.
Ke3 Ke7 54. Rg3 Rg8 55. Rf2 Kf7 56. Rgf3 Rf8 57. g3 Ke7 58. h3 Rh8 59. Kd3 h4
60. g4 g5 61. Rf5 Rc8 62. Rb2 Rc7 63. Rd2 Kf8 64. Rdf2 Kg7 65. Rf1 Rc8 66. Kc2
Rcd8 67. Kb3 Rf8 68. R1f2 Rf7 69. R2f3 Kf8 70. Rf1 Ke7 71. R1f2 Rf8 72. R2f3
Rfd8 73. Kc2 Rg8 74. Kd3 Re8 75. Ke3 Rf8 76. Rf2 Rfd8 77. Rd2 Kf8 78. Kf3 Kf7
79. Rf2 Rf8 80. Rf1 Kg7 81. Ke3 Rfd8 82. R1f3 R8d7 83. Rf2 Kg6 84. Kd3 Rd8 85.
R2f3 Rg8 86. Kc2 Kg7 87. Kb3 Re8 88. Kb2 Rf8 89. Kc1 Rf7 90. Kd2 Kf8 91. Ke3
Ke7 92. Kf2 Rf8 93. Ke1 Rh8 94. Ke2 Rh7 95. Kd3 a5 96. Kc2 Rg7 97. Kd3 Rg8 98.
Rf1 Rgd8 99. R1f2 Re8 100. Ke3 Rc8 101. Kf3 Rcd8 102. Rb2 Re8 103. Rb5 Rg8 104.
Ke3 Rgd8 105. Rb3 Kd7 106. Kf3 Re8 107. Ke2 Ra8 108. Rb5 Rb8 109. Kf2 Re8 110.
Ke3 Rd8 111. Kd3 Rh8 112. Ke2 Rg8 113. Rb1 Rd8 114. Ke3 Rb8 115. Rf2 Re8 116.
Rbf1 Ke7 117. Rf5 Rf8 118. Kd2 Rh8 119. Rb1 Rg8 120. Rb5 Rgd8 121. Kc1 Rh8 122.
Kb2 Kd7 123. Kb3 Rd8 124. Kb2 Rg8 125. Kc2 Rb8 126. Kb1 Kc7 127. Rf1 Rbd8 128.
Kc2 Re8 129. Kd3 Kd7 130. Rf2 Kc7 131. Rfb2 Red8 132. R2b3 Rf8 133. Ke3 Rh8
134. Kf3 Rg8 135. Rb2 Rgd8 136. Ke3 Rh8 137. Kf2 Ra8 138. Ke2 Rad8 139. R2b3
Re8 140. Rb1 Red8 141. Kf3 Rb8 142. Kf2 Rbd8 143. Ke3 Re8 144. Kd3 Red8 145.
R5b3 Re8 1/2-1/2

[Event "ICS rated standard match"]
[Site "204.178.125.65"]
[Date "2000.06.17"]
[Round "?"]
[White "PostModernist"]
[Black "Hossa"]
[Result "1-0"]
[WhiteElo "2387"]
[BlackElo "2225"]
[PlyCount "151"]
[EventDate "2000.??.??"]

1. d4 Nf6 2. c4 e6 3. g3 c5 4. Nf3 cxd4 5. Nxd4 d5 6. Bg2 e5 7. Nb3 Bb4+ 8. Bd2
dxc4 9. Bxb4 Qxd1+ 10. Kxd1 cxb3 11. axb3 Nc6 12. Bxc6+ bxc6 13. Nd2 Bb7 14. f3
Kd7 15. Nc4 Ke6 16. Kc2 Rhd8 17. Ba5 Rd7 18. Bc3 Rd5 19. e4 Rb5 20. Rhd1 Ne8
21. Ra2 g5 22. Rda1 Nd6 23. Rxa7 Rxa7 24. Rxa7 f6 25. h4 gxh4 26. gxh4 h5 27.
Ra1 Nf7 28. b4 Bc8 29. Ra8 Bd7 30. Rg8 Rb7 31. f4 exf4 32. Rg6 f3 33. Rxf6+ Ke7
34. Rxf3 Be6 35. Na5 Rb6 36. Nb3 Bxb3+ 37. Kxb3 Nd6 38. e5 Ne4 39. Rf5 Ke6 40.
Rxh5 Rb5 41. Kc2 Rd5 42. Rh6+ Kd7 43. h5 Nxc3 44. e6+ Ke7 45. bxc3 Rb5 46. Kd2
Rd5+ 47. Ke3 Re5+ 48. Kd3 Rd5+ 49. Kc4 Re5 50. Kb3 Rf5 51. c4 Rf3+ 52. Ka4 Rf4
53. c5 Rf8 54. b5 Rf4+ 55. Ka5 cxb5 56. Kxb5 Rf5 57. Kb6 Rf3 58. c6 Rb3+ 59.
Kc5 Rc3+ 60. Kd5 Rd3+ 61. Kc4 Rd1 62. c7 Rc1+ 63. Kd5 Rd1+ 64. Ke4 Re1+ 65. Kd3
Rc1 66. Rh8 Kd6 67. c8=Q Rxc8 68. Rxc8 Ke5 69. e7 Kf5 70. Rc5+ Kg4 71. Rc4+ Kh3
72. e8=Q Kh2 73. Qe2+ Kh3 74. Qf3+ Kh2 75. Rh4+ Kg1 76. Rh1# {Hossa checkmated}
1-0

[Event "ICS Rated standard match"]
[Site "204.178.125.65"]
[Date "2000.06.17"]
[Round "?"]
[White "Hossa"]
[Black "fili"]
[Result "1-0"]
[WhiteElo "2216"]
[BlackElo "2200"]
[PlyCount "44"]
[EventDate "2000.??.??"]

1. e4 e5 2. Nf3 Nc6 3. Bc4 Be7 4. d4 exd4 5. Nxd4 d6 6. Nxc6 bxc6 7. O-O Nf6 8.
Nc3 O-O 9. Qd3 Be6 10. Bg5 Nd7 11. Bxe7 Qxe7 12. Bxe6 fxe6 13. Qa6 Nb6 14. a4
Qd7 15. a5 Nc8 16. Rad1 Ne7 17. b3 e5 18. Rd2 Kh8 19. f3 d5 20. Qc4 d4 21. Na4
Nc8 22. Qc5 Qd6 {fili resigns} 1-0

[Event "ICS rated standard match"]
[Site "204.178.125.65"]
[Date "2000.06.17"]
[Round "?"]
[White "con1"]
[Black "Hossa"]
[Result "0-1"]
[WhiteElo "2261"]
[BlackElo "2217"]
[PlyCount "51"]
[EventDate "2000.??.??"]

1. e4 c5 2. f4 d5 3. exd5 Nf6 4. c4 e6 5. Nc3 exd5 6. cxd5 Nxd5 7. Bb5+ Nc6 8.
Qf3 Ndb4 9. Kd1 a6 10. Bc4 Nd4 11. Qe4+ Qe7 12. Nf3 Qxe4 13. Nxe4 Bg4 14. Neg5
h6 15. Re1+ Be7 16. Nxf7 Nxf3 17. Rxe7+ Kxe7 18. Nxh8 Nxh2+ 19. Ke1 Nc2+ 20.
Kf2 Nxa1 21. Ng6+ Kf6 22. Bd3 c4 23. Be4 Bf5 24. Bxf5 Kxf5 25. Nh4+ Kxf4 26.
d3+ {con1 resigns} 0-1

[Event "ICS rated standard match"]
[Site "204.178.125.65"]
[Date "2000.06.17"]
[Round "?"]
[White "Hossa"]
[Black "PostModernist"]
[Result "1/2-1/2"]
[WhiteElo "2223"]
[BlackElo "2396"]
[PlyCount "151"]
[EventDate "2000.??.??"]

1. e4 g6 2. d4 Bg7 3. Nc3 d6 4. Be2 Nf6 5. Nf3 O-O 6. O-O c6 7. e5 dxe5 8. dxe5
Ng4 9. Qxd8 Rxd8 10. Bf4 Nd7 11. e6 fxe6 12. Ng5 Ndf6 13. Rad1 Rf8 14. Bg3 h6
15. Nge4 Nxe4 16. Nxe4 Nf6 17. Nc5 b6 18. Nd3 Ba6 19. Bf3 Nh5 20. Bxh5 gxh5 21.
Rfe1 Bc8 22. c3 c5 23. Bc7 Rf5 24. Nf4 Kf7 25. Rd8 e5 26. Nd3 e4 27. Rxe4 Bb7
28. Rxa8 Bxe4 29. Rd8 c4 30. Ne1 Rb5 31. Rd2 Ra5 32. a3 Rc5 33. Bb8 a6 34. f3
Rd5 35. Rxd5 Bxd5 36. Nc2 b5 37. Kf2 e5 38. Ne3 Ke6 39. Nxd5 Kxd5 40. Ba7 Bf6
41. Be3 Bg5 42. h3 h4 43. Ke2 Kd6 44. Kd2 Ke6 45. a4 bxa4 46. Ke2 Bxe3 47. Kxe3
Kf5 48. Kf2 Kf4 49. Ke2 e4 50. fxe4 Kxe4 51. Kd2 Kf5 52. Ke3 Ke5 53. Kd2 Ke4
54. Ke2 h5 55. Kd2 a5 56. Ke2 Kf4 57. Kf2 a3 58. bxa3 Ke4 59. Ke2 a4 60. Kd2
Kf5 61. Ke3 Ke5 62. Kf3 Kf5 63. Ke3 Ke5 64. Kd2 Kf4 65. Ke2 Kg3 66. Kf1 Kf4 67.
Kf2 Ke4 68. Ke2 Kd5 69. Kd2 Kd6 70. Kc2 Ke6 71. Kd2 Kf6 72. Kc2 Kf5 73. Kd2 Ke4
74. Ke2 Kf4 75. Kf2 Ke4 76. Ke2 1/2-1/2

[Event "ICS Rated standard match"]
[Site "204.178.125.65"]
[Date "2000.06.18"]
[Round "?"]
[White "Tinker"]
[Black "Hossa"]
[Result "1-0"]
[WhiteElo "2311"]
[BlackElo "2230"]
[PlyCount "151"]
[EventDate "2000.??.??"]

1. e4 c5 2. Nf3 d6 3. Nc3 Nf6 4. Bc4 e6 5. O-O Be7 6. d3 Nc6 7. Bd2 O-O 8. Qe1
d5 9. Bb3 Nd4 10. Nxd4 cxd4 11. Nb5 dxe4 12. dxe4 a6 13. Na3 Bxa3 14. bxa3 a5
15. e5 Nd7 16. Qe2 Qc7 17. f4 Nc5 18. Bc4 Qc6 19. Rfe1 Rd8 20. Bb5 Qc7 21. Rab1
Bd7 22. Qc4 Rac8 23. Red1 Bxb5 24. Qxb5 Ra8 25. Rb2 Rd7 26. Qc4 Ne4 27. Qxc7
Rxc7 28. Be1 Rd7 29. Rb5 g5 30. fxg5 Rc8 31. Rxa5 Rxc2 32. Ra4 Rc5 33. Raxd4
Rdd5 34. Rxd5 exd5 35. Bb4 Rc4 36. h4 d4 37. Ba5 Nc3 38. Rd2 Ne4 39. Rd3 Nc5
40. Rd1 Ne6 41. Rd2 Rc6 42. Bb4 Rc1+ 43. Kf2 b6 44. g3 Rc4 45. Kf3 Rc1 46. Kg4
Rc4 47. Kf5 Rc8 48. h5 Ng7+ 49. Kg4 Ne6 50. h6 Rc4 51. Kf5 Rc8 52. Rb2 Nc5 53.
Bd2 Rc6 54. Rc2 d3 55. Rc4 Rc8 56. Rd4 Ne6 57. Rxd3 Nc5 58. Rd6 Rb8 59. Bb4 Ne6
60. a4 Nf8 61. Bd2 Rb7 62. g4 Rb8 63. Be3 Ra8 64. Rxb6 Nd7 65. Rb7 Nf8 66. Ba7
Rc8 67. a5 Ng6 68. a6 Rd8 69. Bd4 Rxd4 70. Rb8+ Nf8 71. a7 f6 72. a8=Q Rf4+ 73.
Kxf4 fxe5+ 74. Kf5 Kf7 75. Rxf8+ Ke7 76. Qd8# 1-0

[Event "ICS rated blitz match"]
[Site "204.178.125.65"]
[Date "2000.06.18"]
[Round "?"]
[White "PostModernist"]
[Black "Hossa"]
[Result "1/2-1/2"]
[WhiteElo "2635"]
[BlackElo "2409"]
[PlyCount "167"]
[EventDate "2000.??.??"]

1. d4 d5 2. Nf3 Nf6 3. e3 e6 4. Bd3 Be7 5. Nbd2 c6 6. b3 c5 7. Bb2 Nc6 8. O-O
O-O 9. Ne5 cxd4 10. exd4 Qc7 11. a3 Nxe5 12. dxe5 Nd7 13. Qh5 g6 14. Qh6 f6 15.
exf6 Bxf6 16. Bxf6 Nxf6 17. Qh4 e5 18. c4 Nh5 19. Rfe1 b5 20. Be2 Nf4 21. Bf1
bxc4 22. bxc4 Bb7 23. Nf3 dxc4 24. Nxe5 Rae8 25. Bxc4+ Kg7 26. Ng4 h5 27. Rxe8
Rxe8 28. Qf6+ Kh7 29. Ne3 Bxg2 30. Rd1 Ba8 31. h4 Nh3+ 32. Kf1 Qe7 33. Bg8+
Kxg8 34. Qxg6+ Kf8 35. Qf5+ Qf7 36. Qxh3 Bf3 37. Rd7 Qf6 38. Qf5 Qxf5 39. Nxf5
Rb8 40. Kg1 Bg4 41. Rd6 Rb3 42. Rf6+ Ke8 43. Ng7+ Kd8 44. Ra6 Rb1+ 45. Kg2 Rb7
46. Ne6+ Bxe6 47. Rxe6 Rg7+ 48. Kf3 Kd7 49. Rh6 Rg4 50. Ra6 Rxh4 51. Rxa7+ Kc6
52. a4 Kb6 53. Ra8 Kb7 54. Ra5 Kb6 55. Rb5+ Kc6 56. Ke3 Rxa4 57. Rxh5 Ra3+ 58.
Ke4 Ra4+ 59. Kf5 Kd6 60. f4 Ke7 61. Rh1 Ra5+ 62. Kg6 Ra3 63. Re1+ Kf8 64. f5
Rg3+ 65. Kf6 Rh3 66. Ke6 Rh6+ 67. f6 Rh4 68. Kf5 Rh5+ 69. Kg6 Rh4 70. Re5 Rg4+
71. Rg5 Rxg5+ 72. Kxg5 Kf7 73. Kf5 Kf8 74. Ke6 Ke8 75. Kd5 Kf8 76. Kd6 Kf7 77.
Ke5 Kf8 78. Kd5 Kf7 79. Ke5 Kf8 80. Kf5 Kf7 81. Kg5 Kf8 82. Kg6 Kg8 83. f7+ Kf8
84. Kf6 {Hossa stalemated} 1/2-1/2

[Event "ICS rated blitz match"]
[Site "204.178.125.65"]
[Date "2000.06.18"]
[Round "?"]
[White "Hossa"]
[Black "Webkikr"]
[Result "0-1"]
[WhiteElo "2418"]
[BlackElo "2405"]
[PlyCount "118"]
[EventDate "2000.??.??"]

1. e4 e6 2. d4 d5 3. Nc3 Nf6 4. e5 Nfd7 5. Nce2 c5 6. Nf3 Nc6 7. c3 Qb6 8. a3
cxd4 9. cxd4 Na5 10. Nd2 f6 11. Nf4 Qxd4 12. Qh5+ g6 13. Nxg6 hxg6 14. Qxh8
Nxe5 15. Be2 Bd7 16. O-O f5 17. Qh7 O-O-O 18. Ra2 Nac6 19. b4 Bd6 20. Rc2 Kb8
21. Bb2 Qb6 22. Nf3 Nxf3+ 23. Bxf3 Nd4 24. Bxd4 Qxd4 25. Qxg6 Ba4 26. Rcc1 Qf4
27. Qh5 Qd4 28. Qg5 Rh8 29. g3 f4 30. g4 Be5 31. Qe7 Re8 32. Qf7 Qd3 33. Bd1
Qh3 34. Qh5 Qxh5 35. gxh5 Bb5 36. Re1 Bb2 37. Rc5 Bc4 38. a4 Bd4 39. Rxc4 dxc4
40. Kf1 e5 41. Bg4 a6 42. Re4 Kc7 43. Ke2 b5 44. axb5 axb5 45. Kf1 Bc3 46. Be2
Kd6 47. Bxc4 bxc4 48. Rxc4 Bd4 49. b5 Ra8 50. h6 Kd5 51. Rc7 f3 52. Ke1 Ra1+
53. Kd2 Rf1 54. h4 Rxf2+ 55. Kd1 Ke4 56. Rg7 Kd3 57. Ke1 Rh2 58. Rg4 Rh1+ 59.
Rg1 Rxg1# 0-1

[Event "ICS rated blitz match"]
[Site "204.178.125.65"]
[Date "2000.06.18"]
[Round "?"]
[White "Hossa"]
[Black "JFerry"]
[Result "0-1"]
[WhiteElo "2408"]
[BlackElo "2776"]
[PlyCount "170"]
[EventDate "2000.??.??"]

1. e4 e6 2. d4 d5 3. Nc3 Bb4 4. e5 c5 5. dxc5 Qc7 6. Nf3 Nd7 7. Qd4 Bxc5 8. Qg4
Kf8 9. Qg3 Ne7 10. Bd3 Nc6 11. Nb5 Qa5+ 12. c3 a6 13. Nd6 Ndxe5 14. Nxe5 Bxd6
15. Nd7+ Bxd7 16. Qxd6+ Ke8 17. O-O Qb6 18. Re1 Kd8 19. Qg3 g6 20. Qf4 Ke7 21.
Qg5+ f6 22. Qxd5 Rac8 23. Bc4 Ne5 24. Rxe5 fxe5 25. Qe4 Rhf8 26. Qh4+ Ke8 27.
Bb3 Rf7 28. Bg5 a5 29. Rd1 Qb5 30. Qg4 Rf5 31. c4 Qb6 32. Qh4 Rf7 33. Be3 Qb4
34. Bd2 Qc5 35. Be3 Qc6 36. a3 a4 37. Ba2 b6 38. Bh6 b5 39. Qg3 Qe4 40. cxb5
Qe2 41. Rb1 Rc2 42. f3 Rxb2 43. Re1 Qxb5 44. Rxe5 Qb6+ 45. Be3 Qa6 46. Re4 Rxa2
47. Qb8+ Bc8 48. Bc5 Ra1+ 49. Kf2 Rf5 50. Qc7 Bd7 51. Bd6 Rf1+ 52. Kg3 Rf6 53.
Qb8+ Qc8 54. Qxc8+ Bxc8 55. Rxa4 Rc1 56. Bf4 Rc2 57. Ra8 g5 58. Bxg5 Rg6 59. f4
h6 60. h4 hxg5 61. fxg5 e5 62. Ra5 e4 63. h5 Ra6 64. Rxa6 Bxa6 65. h6 Kf7 66.
Kf4 Rxg2 67. a4 Kg6 68. Kxe4 Rxg5 69. Kd4 Ra5 70. Ke3 Rxa4 71. Kf2 Rh4 72. Ke3
Bc8 73. h7 Rh3+ 74. Kd4 Bb7 75. h8=R Rxh8 76. Kc5 Rc8+ 77. Kd4 Kf5 78. Kd3 Ke5
79. Ke3 Rc3+ 80. Kd2 Kd4 81. Ke2 Rc2+ 82. Kd1 Kd3 83. Ke1 Ke3 84. Kd1 Rc8 85.
Ke1 Rc1# 0-1

[Event "ICS rated blitz match"]
[Site "204.178.125.65"]
[Date "2000.06.18"]
[Round "?"]
[White "PostModernist"]
[Black "Hossa"]
[Result "1-0"]
[WhiteElo "2535"]
[BlackElo "2406"]
[PlyCount "125"]
[EventDate "2000.??.??"]

1. d4 d5 2. Nf3 Nf6 3. e3 e6 4. Bd3 Be7 5. O-O Nbd7 6. Nbd2 c5 7. c3 Qc7 8. Qe2
O-O 9. e4 dxe4 10. Nxe4 cxd4 11. Nxd4 Nxe4 12. Qxe4 Nf6 13. Qh4 e5 14. Nf3 Rd8
15. Bc2 h6 16. Qg3 Rd5 17. h3 Nh5 18. Qh2 Bd6 19. Be4 Ra5 20. Rd1 Nf6 21. Bc2
Rd5 22. Rxd5 Nxd5 23. Be4 Nf6 24. Nd2 Be6 25. Qg3 Rd8 26. a4 Rd7 27. a5 Be7 28.
Bc2 Bd5 29. Nf3 e4 30. Qxc7 Rxc7 31. Nd4 Rd7 32. Be3 Bc5 33. Rd1 Bc4 34. b3 Be6
35. g4 a6 36. Nxe6 Rxd1+ 37. Bxd1 Bxe3 38. Nd8 Ba7 39. Nxb7 Nd5 40. c4 Nf4 41.
c5 Nxh3+ 42. Kf1 Nf4 43. Be2 Nd3 44. Bxd3 exd3 45. c6 d2 46. Ke2 Bb8 47. Nc5
Bc7 48. b4 h5 49. gxh5 Bd6 50. Nxa6 Kf8 51. c7 Bxc7 52. Nxc7 d1=Q+ 53. Kxd1 Ke7
54. a6 Kd7 55. a7 Kxc7 56. a8=Q Kb6 57. Qf8 Kb5 58. Qc5+ Ka6 59. Qc6+ Ka7 60.
b5 f5 61. Qc7+ Ka8 62. b6 f4 63. Qc8# {Hossa checkmated} 1-0

[Event "ICS rated standard match"]
[Site "204.178.125.65"]
[Date "2000.06.18"]
[Round "?"]
[White "Tinker"]
[Black "Hossa"]
[Result "0-1"]
[WhiteElo "2324"]
[BlackElo "2239"]
[PlyCount "154"]
[EventDate "2000.??.??"]

1. e4 e6 2. Nf3 Nf6 3. Nc3 d5 4. e5 Ne4 5. Nb1 Bb4 6. Be2 Ng5 7. O-O Nxf3+ 8.
Bxf3 c5 9. c3 Ba5 10. d4 Nc6 11. Be3 cxd4 12. cxd4 O-O 13. Nc3 f6 14. exf6 Qxf6
15. Rc1 Bb6 16. Ne2 Bd7 17. Qd2 Qg6 18. Nf4 Qf5 19. Nh5 Rac8 20. Rfd1 Rc7 21.
Ng3 Qf6 22. b4 Be8 23. a4 Rcf7 24. Bh5 g6 25. Bf3 a6 26. Rb1 Bd7 27. b5 Na5 28.
Bh6 Nc4 29. Qc1 Rc8 30. bxa6 bxa6 31. Bg5 Qh8 32. Ne2 Ba5 33. Bf4 Nd2 34. Qa3
Nxb1 35. Rxb1 Qf6 36. Be5 Qg5 37. h3 Qd2 38. Bg4 h5 39. Bf3 Rc4 40. Ng3 Bc7 41.
Bxc7 Rxc7 42. Ne2 Rc2 43. Kf1 Rc4 44. Re1 Rb4 45. Qa1 Bxa4 46. Qc3 Qxc3 47.
Nxc3 Bd7 48. Ra1 Bc8 49. Ne2 a5 50. Ke1 a4 51. Nc3 Ra7 52. Ra3 Bd7 53. Ne2 Rb3
54. Ra1 a3 55. Kd2 Rb2+ 56. Kd1 Ba4+ 57. Ke1 a2 58. Nc3 Bc2 59. h4 Rb1+ 60.
Nxb1 axb1=R+ 61. Rxb1 Bxb1 62. Bd1 Ra3 63. f4 Be4 64. g4 Bf3 65. Bxf3 Rxf3 66.
gxh5 Rxf4 67. hxg6 Rxh4 68. Kf1 Rxd4 69. Ke2 Rg4 70. Ke3 d4+ 71. Ke2 e5 72. Kd3
e4+ 73. Kxd4 Kg7 74. Ke3 Kxg6 75. Kd4 Kf5 76. Ke3 Ke5 77. Ke2 Kd4 {
Tinker resigns} 0-1

[Event "ICS rated standard match"]
[Site "204.178.125.65"]
[Date "2000.06.18"]
[Round "?"]
[White "Hossa"]
[Black "Tinker"]
[Result "0-1"]
[WhiteElo "2259"]
[BlackElo "2304"]
[PlyCount "140"]
[EventDate "2000.??.??"]

1. d4 Nf6 2. c4 e6 3. g3 d5 4. Bg2 dxc4 5. Nf3 Bb4+ 6. Bd2 Be7 7. Qa4+ Bd7 8.
Qxc4 Bc6 9. Nc3 O-O 10. O-O Ne4 11. Bf4 Nxc3 12. Qxc3 Bd6 13. Bg5 Qe8 14. Qc2
Na6 15. Bd2 f5 16. Bc3 Be4 17. Qb3 Qe7 18. e3 c6 19. Bh1 Bd5 20. Qa4 Nb4 21.
Bxb4 Bxb4 22. Ne5 Bd6 23. f4 Bxe5 24. fxe5 b6 25. Rac1 Rac8 26. Bxd5 cxd5 27.
Rc6 Qg5 28. Re1 Qe7 29. Rec1 Qe8 30. Qc2 Ra8 31. Rc7 Qg6 32. Qa4 a6 33. Qc6 b5
34. Re7 Rfe8 35. Rc5 b4 36. Rxe8+ Rxe8 37. Kg2 a5 38. Rxa5 Qh5 39. Qc2 Qg5 40.
Rb5 Qxe3 41. Rxb4 f4 42. gxf4 Qxf4 43. Rb3 Qxd4 44. Qe2 Rc8 45. Re3 Qf4 46. h3
Rc1 47. Qf2 Qg5+ 48. Kh2 d4 49. Re1 d3 50. Rxc1 Qxc1 51. Qb6 Qd2+ 52. Kh1 Qd1+
53. Kg2 Qe2+ 54. Kh1 Qf1+ 55. Kh2 h5 56. Qxe6+ Kh7 57. Qc8 Qf2+ 58. Kh1 d2 59.
Qc2+ Kh6 60. Qc6+ Kg5 61. Qd7 Qe1+ 62. Kg2 Qe2+ 63. Kh1 Qd1+ 64. Kh2 Qe2+ 65.
Kh1 d1=Q+ 66. Qxd1 Qxd1+ 67. Kg2 Kf4 68. h4 Qe2+ 69. Kh1 Kf3 70. b3 Qg2# {
Hossa checkmated} 0-1

[Event "ICS rated standard match"]
[Site "204.178.125.65"]
[Date "2000.06.18"]
[Round "?"]
[White "Hossa"]
[Black "QueenMaxima"]
[Result "0-1"]
[WhiteElo "2245"]
[BlackElo "2405"]
[PlyCount "192"]
[EventDate "2000.??.??"]

1. e4 e5 2. Nf3 Nc6 3. Bc4 Bc5 4. c3 Nf6 5. d3 d6 6. Bb3 a6 7. O-O O-O 8. Be3
Bxe3 9. fxe3 d5 10. exd5 Nxd5 11. Qe2 Be6 12. Nbd2 Qd7 13. Ne4 Rad8 14. Nc5 Qc8
15. Nxe6 Qxe6 16. Ng5 Qd6 17. Qh5 Qg6 18. Qxg6 hxg6 19. Nxf7 Rxf7 20. Rxf7 Kxf7
21. e4 Nce7 22. Rf1+ Ke6 23. exd5+ Nxd5 24. h3 c5 25. Rf3 g5 26. Rg3 Kf6 27.
Bxd5 Rxd5 28. b3 b5 29. Rf3+ Ke6 30. Re3 g4 31. hxg4 b4 32. c4 Rd4 33. Rg3 Rf4
34. g5 g6 35. Rh3 Kf5 36. Rh7 Rd4 37. Rf7+ Kxg5 38. Rc7 Rxd3 39. Rxc5 Kf5 40.
Rc6 Rd1+ 41. Kh2 e4 42. Kg3 Rd3+ 43. Kh2 e3 44. Kg3 e2+ 45. Kf2 Rg3 46. Rxa6
Rxg2+ 47. Ke1 g5 48. Kd2 g4 49. Ra5+ Kf4 50. Ra7 g3 51. Rf7+ Kg4 52. Rg7+ Kh4
53. Rh7+ Kg5 54. Rg7+ Kf6 55. Rg4 Kf5 56. Rg7 Ke5 57. Rg8 Kf4 58. Rf8+ Ke4 59.
Re8+ Kf5 60. Rg8 Ke5 61. Rg4 Kf6 62. Rg8 Ke6 63. Ke1 Kd7 64. Rg6 Ke7 65. c5 Kf7
66. Rg4 Ke6 67. c6 Kd6 68. Rxb4 Rh2 69. Rg4 g2 70. Rg6+ Kc7 71. a4 Rh1+ 72.
Kxe2 g1=Q 73. Rxg1 Rxg1 74. Kd3 Kxc6 75. Kc3 Rg3+ 76. Kb4 Rg4+ 77. Kc3 Kc5 78.
a5 Rg3+ 79. Kc2 Kb5 80. b4 Kxb4 81. a6 Ra3 82. Kd2 Kb5 83. a7 Kc6 84. Ke2 Kd5
85. a8=Q+ Rxa8 86. Kf3 Ke5 87. Ke3 Ra3+ 88. Kd2 Ke4 89. Kc2 Kd4 90. Kd2 Ra2+
91. Kd1 Ke4 92. Ke1 Kd3 93. Kf1 Ke3 94. Kg1 Kf3 95. Kh1 Kg3 96. Kg1 Ra1# {
Hossa checkmated} 0-1

[Event "ICS rated blitz match"]
[Site "204.178.125.65"]
[Date "2000.06.18"]
[Round "?"]
[White "Amateur"]
[Black "Hossa"]
[Result "1-0"]
[WhiteElo "2563"]
[BlackElo "2396"]
[PlyCount "175"]
[EventDate "2000.??.??"]

1. d4 Nf6 2. c4 e6 3. Nc3 Bb4 4. e3 c5 5. Bd3 Nc6 6. Nge2 cxd4 7. exd4 d5 8. a3
dxc4 9. Bxc4 Be7 10. O-O O-O 11. Ba2 Bd6 12. Nb5 Bb8 13. Be3 Ng4 14. h3 Qh4 15.
Bf4 Bxf4 16. Nxf4 Qg5 17. Qxg4 Qxb5 18. Nh5 g6 19. Nf6+ Kg7 20. Qh4 g5 21. Nh5+
Kh6 22. Qg4 f5 23. Qd1 Qxb2 24. d5 exd5 25. Bxd5 Rd8 26. Ng3 Kg7 27. Nh5+ Kh8
28. Re1 h6 29. a4 Qd4 30. Qxd4+ Nxd4 31. Re7 Rd6 32. Rd1 Be6 33. Nf6 Bg8 34.
Bxg8 Rxf6 35. Bd5 Nc6 36. Rxb7 Rd6 37. Bf3 Nd4 38. Bh5 a6 39. Rc1 Rad8 40. Rcc7
a5 41. Ra7 Re6 42. Rxa5 Rf6 43. Raa7 Rb6 44. Rh7+ Kg8 45. Rag7+ Kf8 46. Bf7 Ke7
47. Bc4+ Kf6 48. Rxh6+ Kxg7 49. Rxb6 Rc8 50. Bd5 Rc5 51. Rd6 Rc1+ 52. Kh2 Ne2
53. a5 Ra1 54. a6 Nf4 55. Bf3 Ng6 56. g3 Ra4 57. Bd5 Ne7 58. Bg2 Kf7 59. f4
gxf4 60. gxf4 Ra2 61. Kg3 Ra3+ 62. Kh4 Ng6+ 63. Kg5 Rg3+ 64. Kh6 Nxf4 65. a7
Ra3 66. a8=Q Rxa8 67. Bxa8 Nxh3 68. Rd3 Nf2 69. Rf3 Ng4+ 70. Kg5 Ke6 71. Bd5+
Kd6 72. Kxf5 Ne5 73. Ra3 Nd7 74. Ke4 Nf6+ 75. Kd4 Ne8 76. Ra6+ Ke7 77. Ke5 Nc7
78. Rb6 Ne8 79. Rb7+ Kd8 80. Bc6 Nc7 81. Kd6 Ne8+ 82. Bxe8 Kxe8 83. Rh7 Kf8 84.
Ke6 Kg8 85. Rf7 Kh8 86. Kf6 Kg8 87. Kg6 Kh8 88. Rf8# {Hossa checkmated} 1-0